| 000 | 01147cad a22002415a 4500 | ||
|---|---|---|---|
| 001 | L153364 | ||
| 008 | 110718s20110715xxkdo f 000 0 eng d | ||
| 035 | _a(Sirsi) u153364 | ||
| 041 | 0 | _aeng | |
| 050 | 0 | 4 | _a333.33 $2 18 |
| 110 | 2 |
_aSavills Research _95211 |
|
| 245 | 0 | 0 |
_aPrime regional residential markets _bSummer 2011 _h[electronic resource] |
| 260 |
_aLondon _bSavills _c2011 |
||
| 490 | 0 |
_aSavills Market in Minutes _vSummer 2011 |
|
| 520 | _aPrime regional residential markets for the first half 2011. Savills Prime Regional Residential Index shows a fall of 0.7% between January and June 2011. Notes regional differences with South East out performing the other regions. Predicts that over the next five years regional prime will out perform the mainstream sector. | ||
| 521 | _aAdvanced | ||
| 590 | _aKA | ||
| 650 | 2 | 4 | _aSAVILLS MARKET IN MINUTES |
| 651 | 4 |
_aUnited Kingdom _y |
|
| 690 | _aPROPERTY-RESIDENTIAL PROPERTY | ||
| 856 | 4 | 0 |
_uhttps://pdf.euro.savills.co.uk/uk/market-in-minute-reports/market-in-minutes---prime-regional-q211.pdf _zView the report free of charge (after registration) at www.savills.co.uk |
| 942 | _n0 | ||
| 999 |
_c112485 _d112485 |
||